Steve Buscemi Movies Quiz Stats

 Plays Quiz Updated Jan 31, 2019

Score 0/106 Timer 12:00
1 Play Today
Year Movie Name % Correct
1992Reservoir Dogs
70.2%
1996Fargo
65.6%
1998The Big Lebowski
50.9%
1994Pulp Fiction
49.2%
1999Big Daddy
43.8%
1997Con Air
42.7%
2002Mr. Deeds
41.7%
2018Hotel Transylvania 3: Summer Vacation
40.6%
1995Billy Madison
40.6%
2001Monsters, Inc.
39%
2013Monsters University
36.8%
1998Armageddon
36.7%
2013Grown Ups 2
31.4%
2017The Death of Stalin
26.5%
2010Grown Ups
26%
2006Charlotte's Web
23.1%
1991Barton Fink
21.5%
1998The Wedding Singer
20.9%
2001Ghost World
20.5%
1990Miller's Crossing
20.3%
1994Airheads
17.4%
2015Hotel Transylvania 2
17.3%
2017The Boss Baby
15.5%
1995Desperado
15.3%
1996Trees Lounge
14.9%
2012Hotel Transylvania
14.9%
1994The Hudsucker Proxy
13.5%
2007I Now Pronounce You Chuck & Larry
13.4%
2003Big Fish
12.8%
2013The Incredible Burt Wonderstone
12.2%
2002Spy Kids 2: Island of Lost Dreams
12%
1996Escape from L.A.
11.7%
2005The Island
11.4%
2003Spy Kids 3-D: Game Over
11%
2017Lean on Pete
11%
2017Transformers: The Last Knight
11%
Year Movie Name % Correct
2015The Ridiculous 6
10.9%
1995Things to Do in Denver When You're Dead
9%
2006Monster House
8.7%
1995Living in Oblivion
8.1%
2003Coffee and Cigarettes
7.7%
2006Paris, Je T'Aime
7.7%
2018Nancy
7.3%
2018The Week Of
7.3%
2007Interview
7.2%
1990King of New York
7.1%
200028 Days
7.1%
2016Norman: The Moderate Rise and Fall of a New York Fixer
6.8%
2012On the Road
6.8%
2009G-Force
6.5%
1989Mystery Train
6.4%
2013Khumba
6.3%
1989New York Stories
6.3%
2008Igor
6.2%
1986Parting Glances
6.1%
2000Animal Factory
5.9%
2009Youth in Revolt
5.9%
2001Domestic Disturbance
5.9%
1993Ed and His Dead Mother
5.8%
1992In the Soup
5.7%
2001Final Fantasy: The Spirits Within
5.7%
1993Rising Sun
5.4%
2009The Messenger
5.1%
1991Billy Bathgate
5.1%
2004Home on the Range
4.8%
2006Delirious
4.7%
2011Rampart
4.7%
1990Tales from the Darkside: The Movie
4.7%
1989Slaves of New York
4.7%
1985The Way It Is
4.6%
2001Double Whammy
4.6%
2005Romance & Cigarettes
4.6%
Year Movie Name % Correct
2001The Grey Zone
4.6%
1994The Search for One-eye Jimmy
4.5%
2009Saint John of Las Vegas
4.4%
1987Heart
4.4%
1987No Picnic
4.4%
200213 Moons
4.3%
2007I Think I Love My Wife
4.2%
1987Kiss Daddy Goodnight
4.1%
1988Call Me
4.1%
1986Sleepwalk
4.1%
1997The Real Blonde
4.1%
1993Twenty Bucks
4%
1988Vibes
3.9%
1994Floundering
3.9%
1996Kansas City
3.8%
1989Bloodhounds of Broadway
3.8%
1991Zandalee
3.8%
2006Art School Confidential
3.7%
1988Heart of Midnight
3.7%
2010Pete Smalls Is Dead
3.7%
1992CrissCross
3.6%
1998The Impostors
3.6%
2010The Chosen One
3.4%
1991Life Is Nice
3.4%
1993Claude
3.3%
2009Rage
3.3%
1994Somebody to Love
3.3%
1990Force of Circumstance
3.3%
1994Who Do I Gotta Kill?
3.3%
2009John Rabe
3.2%
2002Love in the Time of Money
3.2%
1998Louis & Frank
3.1%
2009Handsome Harry
2.8%
2002Deadrockstar
2.4%

You're not logged in!

Compare scores with friends on all Sporcle quizzes.
OR
Log In

You Might Also Like...

Show Comments

Extras

Top Quizzes Today


Score Distribution

Your Account Isn't Verified!

In order to create a playlist on Sporcle, you need to verify the email address you used during registration. Go to your Sporcle Settings to finish the process.

Report this User

Report this user for behavior that violates our Community Guidelines.

Details: